The history of the Inquisition, as it is exercised at Goa /

Bibliographic Details
Main Author: Dellon, Gabriel, 1649-
Other Authors: Wharton, Henry, 1664-1695
Format: Microform Book
Language:English
Series:Early English books, 1641-1700 ; 140:8.
Subjects:

MARC

Tag First Indicator Second Indicator Subfields
LEADER 00000cam a2200000 a 4500
001 in00000966310
005 20150927071657.0
007 hd afv|||baca
008 850722s1688 miu a 00010 eng d
035 |a (OCoLC)12288920 
035 |9 AEV0124AM 
037 |a CL0037000004  |b UMI 
037 |b University Microfilms International, 300 N. Zeeb Rd., Ann Arbor, MI 48106 
040 |a EAA  |c EAA  |d m/c  |d UtOrBLW 
041 1 |a eng  |h fre 
043 |a a-ii--- 
049 |a TXAI 
099 |a film   |a  B   |a  3609 
100 1 |a Dellon, Gabriel,  |d 1649- 
240 1 0 |a Relation de l'Inquisition de Goa.  |l English 
245 1 4 |a The history of the Inquisition, as it is exercised at Goa /  |c written in French, by the ingenious Monsieur Dellon, who laboured five years under those severities ; with an account of his deliverance ; translated into English. 
264 3 |a London :  |b Printed for James Knapton ...,  |c 1688. 
300 |a 8 unnumbered pages, 70 pages, 1 unnumbered page 
336 |a text  |b txt  |2 rdacontent 
337 |a microform  |b h  |2 rdamedia 
338 |a microfilm reel  |b hd  |2 rdacarrier 
500 |a Translation by Henry Wharton of: Relation de l'Inquisition de Goa. Cf. BM. 
500 |a Reproduction of original in British Library. 
510 4 |a Wing  |c D942 
510 4 |a Arber's Term cat.  |c II 223 
533 |a Microfilm.  |b Ann Arbor, Mich. :  |c University Microfilms,  |d 1964.  |e 1 microfilm reel ; 35 mm.  |f (Early English books, 1641-1700 ; 140:8) 
500 |a Microform. 
650 0 |a Inquisition  |z India  |z Goa, Daman and Diu. 
700 1 |a Wharton, Henry,  |d 1664-1695. 
830 0 |a Early English books, 1641-1700 ;  |v 140:8. 
999 |a MARS 
999 f f |s e6ddbb02-3ad6-3ada-a803-ce914a7da95c  |i ff27677e-cb95-3eb2-9685-1aa51cf455fa  |t 0 
952 f f |p default  |a Texas A&M University  |b College Station  |c Sterling C. Evans Library  |d Evans: Microforms (3rd floor)  |t 0  |e film B 3609 140:8  |h Other scheme  |i microform -- microfilm reel 
998 f f |a film B 3609 140:8  |t 0  |l Evans: Microforms (3rd floor)